Welcome to the Holygrace Academy Library

Please use search bar below to get started

HOW TO MAKE A MILLION BEFORE LUNCH (Record no. 5140)

MARC details
000 -LEADER
fixed length control field 00320nam a22001337a 4500
020 ## - INTERNATIONAL STANDARD BOOK NUMBER
ISBN 978-0-7535-3957-6
082 ## - DEWEY DECIMAL CLASSIFICATION NUMBER
Classification number 158
Item number BRI/H
100 ## - MAIN ENTRY--AUTHOR NAME
Personal name BRIDGE,RACHEL
245 ## - TITLE STATEMENT
Title HOW TO MAKE A MILLION BEFORE LUNCH
260 ## - PUBLICATION, DISTRIBUTION, ETC. (IMPRINT)
Place of publication LONDON
Name of publisher RANDOM HOUSE
300 ## - PHYSICAL DESCRIPTION
Number of Pages 288
650 ## - SUBJECT ADDED ENTRY--TOPICAL TERM
Topical Term PERSONALITY DEVELOPMENT
Geographic subdivision LONDON
942 ## - ADDED ENTRY ELEMENTS (KOHA)
Koha item type Books
Holdings
Withdrawn status Lost status Collection code Home library Current library Shelving location Date acquired Source of acquisition Full call number Accession Number Koha item type
    Reference Main Library Main Library SHELF-17G-PERSONALITY DEVELOPMENT BOOKS 11/10/2012 PURCHASE 158 BRI/H 07019 Books